[Event "Julian Borowski 1st"]
[Site "Essen"]
[Date "1999.04.04"]
[Round "8"]
[White "Dautov, Rustem"]
[Black "Milov, Vadim"]
[Result "1-0"]
[WhiteElo "2598"]
[BlackElo "2636"]
[Annotator "Dautov,R"]
[PlyCount "105"]
[EventDate "1999.03.??"]
[EventType "tourn"]
[EventRounds "9"]
[EventCountry "GER"]
[EventCategory "14"]
[SourceTitle "CBM 071"]
[Source "ChessBase"]
[SourceDate "1999.08.01"]
[SourceVersion "1"]
[SourceVersionDate "1999.08.01"]
[SourceQuality "1"]

1. d4 {Baburin} Nf6 2. Nf3 d5 3. c4 e6 4. Nc3 Nbd7 5. cxd5 exd5 6. Bf4 c6 7.
Qc2 Be7 (7... Nh5 $1 8. Bd2 Nb6 (8... Bd6 9. e4 dxe4 10. Nxe4 $14) 9. O-O-O Be7
10. Ne5 Be6 11. e3 Nf6 12. Bd3 Ng4 13. Be1 $13 {Rustemov,A-Kiriakov,P/Russia 
(ch) 1997}) 8. h3 O-O 9. e3 Nh5 $6 (9... Re8 $142) 10. Bh2 g6 11. Bd3 Ng7 12.
O-O-O Nb6 13. g4 $14 {Baburin: 'The plan with ...g6 and Nf6-h5-g7 is good only
when Black can then play ...Bf5. Once White prevents this move with g2-g4,
Black's construction begin to look rather pointless.'  Selbstverständlich
verhindert Weiß den Läufertausch.} Be6 14. Kb1 Rc8 15. Rc1 c5 16. dxc5 Bxc5 17.
Be5 {'!' Baburin.} Qe7 18. Qe2 a6 19. Bd4 Bd7 (19... Nc4 $5) 20. Bxc5 Rxc5 21.
Nd4 Ne6 22. f4 Nxd4 $2 {Dies führt zu einem unangenehmen Endspiel. Mit} (22...
Rfc8 {konnte Schwarz die Spannung aufrechterhalten.}) 23. exd4 Qxe2 24. Bxe2
Rcc8 25. Bf3 {Baburin: 'Such endings are better for White as his bishop has
better prospects than its black counterpart.'} Bc6 26. b3 Rfe8 27. Rhe1 f6 28.
Kc2 (28. a4 $1) 28... Kf7 29. a4 $1 $14 {'!?' Baburin. Als erstes wird a6-a5
erzwungen, um die Möglichkeit Nc3-b5 zur Verfügung zu haben.} Rxe1 30. Rxe1 a5
31. Kd2 Rd8 32. Rc1 Ke6 (32... Nc8 $6 33. Nb5 $1 Bxb5 (33... Ne7 34. Na7 $1)
34. axb5 $16 {/\Rc7}) 33. Nd1 $1 {Der Springer wird nach e3 überführt, um
f4-f5 zu ermöglichen.} Kd6 $2 (33... Nc8 $1 34. Rc5 Kd6 35. Ne3 (35. Rxa5 $4 b6
36. Ra6 Bb7) 35... b6 36. Rc1 Ne7 $14) 34. Ne3 Nc8 35. f5 $16 g5 $6 (35... Ne7
36. fxg6 hxg6 37. h4 $16) 36. Nd1 $1 {Nach getaner Arbeit kehrt der Springer
auf das Schlüsselfeld c3 zurück, und es wird langsam klar, daß der weiße Turm
das Feld e6 im Visier hat.} (36. h4 $6 h6 37. hxg5 hxg5 38. Rh1 Ne7 39. Rh7 Rf8
$14) 36... Re8 37. Rc5 $1 b6 38. Rc1 {><c6,Nc8} Na7 39. Nc3 Nc8 40. Nd1 Na7 41.
Nc3 Nc8 42. h4 $1 {Der schwarze Turm kümmert sich um die Schwäche e6, es ist
an der Zeit, ihn abzulenken. Dafür wird die h-Linie geöffnet.} gxh4 (42... h6
43. hxg5 hxg5 44. Rh1 $22 $18 Ne7 (44... Na7 45. Rh6 Rf8 46. Rh7 Nc8 47. Bxd5
$1 Bxd5 48. Nb5+ Kc6 49. Rc7#) (44... Rf8 45. Re1 Ne7 46. Re6+ Kd7 47. Be2 Rf7
48. Bb5 Bxb5 49. Nxb5 Nc8 50. Nc3 $18) 45. Re1 $1 Bd7 46. Nb5+ Bxb5 47. Re6+
Kd7 48. axb5 $18) 43. Rh1 h6 44. Rxh4 Rh8 45. Rh2 Ne7 (45... Rh7 46. Rh1 $22
Rh8 47. Re1) 46. Re2 Kd7 {Stellt eine Falle auf.} (46... h5 47. Rh2 $1 h4 48.
Ke3 {, und der Bauer h4 geht bald verloren.}) 47. Kd3 $1 (47. Re6 $2 h5 $1 48.
Rxf6 (48. gxh5 Nxf5 49. Rxf6 Nxd4) 48... hxg4 49. Bxg4 Rh4 $132 {Um dieses
Gegenspiel auszuschalten, muß der weiße König entweder von d3 die Verteidigung
des Bauern d4 übernehmen oder nach f4 wandern.}) 47... Rg8 (47... h5 $2 48.
gxh5 Nxf5 49. Bg4 $18) (47... Rh7 48. Re6 h5 49. gxh5 Nxf5 50. Rxf6 $18) 48.
Rh2 (48. Re6 $2 h5 $132) 48... Rh8 49. Rh1 Rh7 (49... Kd6 50. Re1 $18) 50. Ke3
$1 Kd6 51. Rc1 Ng8 $4 {'?' Baburin.} (51... Rh8 52. Kf4 Bd7 53. Nb5+ Bxb5 54.
axb5 Re8 55. Rc2 $1 Kd7 56. Re2 $18) (51... Rf7 $1 52. Kf4 Ng8 53. Kg3 $1 (53.
Re1 Re7) 53... Re7 54. Nb5+ Kd7 (54... Bxb5 55. axb5 Re3 (55... Rc7 56. Rxc7
Kxc7 57. Kh4 $18) 56. Rc8 Ne7 57. Rf8 $18) 55. Kf4 Re8 56. Nc7 $1 Kxc7 57. Bxd5
Ne7 58. Bxc6 Nxc6 59. d5 $18) (51... h5 {Baburin} 52. Rh1 $5 (52. gxh5 Nxf5+
53. Kd3) 52... h4 53. Kf4) 52. Bxd5 $1 Re7+ (52... Bxd5 53. Nb5+ Ke7 54. Rc7+
$18) 53. Be6 1-0

[Event "Julian Borowski-A 2nd"]
[Site "Essen"]
[Date "2000.04.28"]
[Round "2"]
[White "Dautov, Rustem"]
[Black "Milov, Vadim"]
[Result "1-0"]
[WhiteElo "2602"]
[BlackElo "2653"]
[Annotator "Dautov,R"]
[PlyCount "165"]
[EventDate "2000.04.27"]
[EventType "tourn"]
[EventRounds "9"]
[EventCountry "GER"]
[EventCategory "15"]
[SourceTitle "CBM 077"]
[Source "ChessBase"]
[SourceDate "2000.07.27"]
[SourceVersion "1"]
[SourceVersionDate "2000.07.27"]
[SourceQuality "1"]

1. d4 Nf6 2. Nf3 g6 3. c4 Bg7 4. g3 O-O 5. Bg2 d6 6. O-O Nc6 7. Nc3 a6 8. Qd3
e5 9. dxe5 dxe5 10. Qxd8 Rxd8 11. Bg5 {Diese Variante führt zu einem minimalen,
aber dauerhaften weißen Endspielvorteil.} Be6 12. Nd2 h6 (12... Nd4 13. Rfd1 c6
14. e3 Nc2 15. Rab1 Nb4 16. Bf1 (16. a3 $1 Nd3 17. Nde4 Nxe4 18. Bxe4 f6 19.
Bxf6 Bxf6 20. Bxd3 $16 {Psakhis}) 16... Bf5 17. e4 Be6 18. Nb3 Rxd1 19. Rxd1
Nd7 20. Rd2 $14 {Psakhis,L-Babula,V/Batumi 1999}) 13. Bxf6 Bxf6 (13... Rxd2 14.
Bxg7 Kxg7 15. b3 Rad8 16. Bxc6 bxc6 17. Rfd1 f5 18. Rxd2 Rxd2 19. Rc1 Kf7 20.
Kf1 Ke7 21. Ke1 Rd6 22. Na4 g5 23. Nc5 Bc8 24. Rc3 $14 {Ehlvest,J-Barcenilla,R/
San Francisco USA 2000}) 14. Nde4 Be7 15. Nd5 Bxd5 16. cxd5 Nb4 17. Nc3 c6 18.
dxc6 (18. Rfd1 Nxd5 19. Nxd5 cxd5 20. Bxd5 Rab8 21. Rac1 Bd6 $11 {Filip,
M-Lombardy,W/Reykjavik 1957}) 18... Nxc6 19. Nd5 $1 $146 (19. Rfd1 Rxd1+ 20.
Rxd1 Rd8 21. Nd5 Kf8 22. Rc1 Rd6 23. Nb6 Na5 24. Rc8+ Bd8 25. Nd5 Nc6 26. Nc3
Ke8 27. Bxc6+ Rxc6 28. Rxc6 bxc6 29. Na4 Be7 $11 {Csom,I-Kuzmin,A/Moscow 1989})
(19. Bxc6 bxc6 20. Rfd1 f5 $11 {/\Kf7}) 19... Bf8 (19... Kf8 $5) 20. Nb6 (20.
Rfd1 Rd6 21. Nb6 Rxd1+ (21... Rad8 22. Rxd6 Rxd6 23. Nc4 Rd4 24. Bxc6 bxc6 25.
Rc1 $14) 22. Rxd1 Rd8 23. Rxd8 Nxd8 24. Nd7 Bd6 $11) 20... Rab8 21. Bxc6 bxc6
22. Nc4 $14 {Das Springermanöver endete mit dem Erreichen des Traumfeldes c4.
Als nächstes verdoppelt Weiß seine Türme auf der c-Linie.} e4 $1 23. b3 Rb5 24.
Rac1 Kg7 25. Rc2 Rbd5 26. Rfc1 h5 $2 {Eine Ungenauigkeit, die es Weiß erlaubt,
unter günstigen Umständen ein Paar Türme zu tauschen.} ({Besser war das
sofortige} 26... c5 {/\} 27. Ne3 (27. Nb6 $5 Rd2 28. Kf1 $14 {/\Na4,Ke1}) 27...
Rd2 28. Kf1 (28. Rxd2 Rxd2 29. Rc2 Rxc2 30. Nxc2 Kf6 $11 {Das
Lichtfigurenendspiel ist ungefährlich für Schwarz.}) 28... f5 29. Ke1 R2d4 $132
) 27. Ne3 Rd2 28. Nf1 $1 Rxc2 29. Rxc2 c5 30. Nd2 f5 31. f3 $1 {Eine
originelle Idee. Weiß tauscht den Pe4 ab , behält aber seinen Bauern auf e2
für das Springermanöver Nf3-e1-d3-f4. Danach wird der schwarze Bauer g6 zu der
berühmten "zweiten Schwäche" (die erste Schwäche stellt der ramponierte
schwarze Damenflügel dar).} (31. e3 h4 32. Kf1 Kh6 33. Ke2 Kh5 $132) ({
Aussichtsreich sah auch} 31. h4 $5 {aus, Weiß zentralisiert seinen König und
befreit den Turm für das Manöver Rc4-a4.} Kf6 32. e3 g5 33. hxg5+ Kxg5 34. Kf1
h4 35. gxh4+ Kxh4 36. Ke2 $14 {/\Rc4-a4}) 31... exf3 32. Nxf3 Kf6 33. h4 Be7 (
33... Bh6 $5 34. Ne1 Be3+ (34... f4 35. Nd3 fxg3 36. Kg2 Be3 37. Kxg3 $14) 35.
Kg2 $14 {/\Nd3,Kf3}) 34. Kf2 Ke6 35. Rc4 $1 ({Nach} 35. Ne1 Kd5 36. Nd3 Bd6 37.
Rc4 Kc6 {schafft es der schwarze König rechtzeitig, den Pa6 zu verteidigen.})
35... Kd5 36. Ra4 Rd6 37. Ne1 Bd8 38. Nd3 Rc6 (38... g5 $2 39. hxg5 Bxg5 40.
Ra5 $16 Rc6 $4 41. Nb4+ $18) 39. Nf4+ Ke5 {Erneut hat der weiße Springer sein
Zielfeld erreicht. Schwarz tut sich schon schwer, alle seine Bauernschwächen
zu verteidigen.} 40. Rc4 (40. Ke3 g5 $132) 40... a5 41. Kf3 ({In Frage kam die
Überführung des Königs auf den Damenflügel:} 41. Ke3 $5 Bb6 42. Kd3 Rd6+ 43.
Kc3 Kf6 $1 (43... Rf6 $2 44. Ra4 {/\Kc4-b5}) 44. Ra4 $14) 41... Bb6 42. Rc3 $6
{Dieser auf den ersten Blick logische Zug erlaubt Schwarz, sich durch ein
Bauernopfer zu entlasten.} (42. e4 $6 Rd6 $132) ({Richtig war} 42. a3 $1 $14 {
, um in manchen Varianten b3-b4 zur Verfügung zu haben, z.B.} Bc7 $2 (42... Rd6
43. Rc3 $14) 43. b4 axb4 44. axb4 Bd6 45. bxc5 Bxc5 46. Rxc5+ Rxc5 47. Nd3+ Kd4
48. Nxc5 Kxc5 49. Kf4 $18) 42... a4 $1 43. Re3+ Kd4 44. Rd3+ Ke5 45. Rd7 ({
Die Annahme des Opfers war auch möglich, die Stellung nach} 45. bxa4 c4 46.
Rd5+ Kf6 47. Rb5 $1 (47. a5 $2 Bc7 {/\c3-c2}) 47... c3 48. Nd5+ Ke6 49. Nb4 Ba7
50. Nc2 $14 {ist etwas besser für Weiß. Ich hoffte jedoch, durch meinen
aktiven Turm mehr zu erreichen.}) 45... axb3 46. axb3 {/\Rg7} Kf6 47. e3 Ba5 $8
{Schwarz hat nur diesen einzigen Zug, aber er genügt, um die Stellung zu
halten.} (47... g5 $2 48. Rh7 $16) 48. Ke2 (48. Rb7 Rd6 $11) 48... Bb4 $2 ({
Mittels} 48... Bc3 $1 49. Rb7 (49. Nd5+ Ke6) 49... Be5 $11 {konnte Schwarz
alle seine Probleme loswerden. Nach dem Partiezug kann Weiß seinen Druck noch
mehr verstärken.}) 49. Rb7 $1 Ba5 (49... Rd6 $2 50. Nd3 Ba3 51. Ra7 Bb4 52.
Nxb4 cxb4 53. Rb7 $16) 50. Ra7 $1 (50. Kd3 $2 Be1) 50... Bd8 51. Kd3 g5 $1 52.
hxg5+ (52. Rh7 $4 Rd6+ 53. Kc4 gxf4 $19) 52... Kxg5 53. Rg7+ Kh6 54. Rg8 $2
$138 {Dieser Fehler läßt den weißen Vorteil aus. Bei der gegenseitigen knapper
Zeit fand ich nicht den besten Weg 54.Rd7!} (54. Rd7 $1 Bc7 (54... Ba5 $2 55.
Rd5 $1 Kg5 56. e4 $16) 55. Kc4 {, und trotz des geringes Materials steht
Schwarz kräftig unter Druck:} Bxf4 56. exf4 $16) 54... Ba5 $138 55. Ke2 (55.
Kc4 Bd2 56. Nd5 Re6 $11) 55... Bc3 56. Kf3 Rb6 $11 57. Rc8 Rxb3 58. Rc6+ Kh7
59. Rc7+ Kh6 60. Rc6+ Kh7 61. Rxc5 Bd2 62. Re5 Kh6 63. Re6+ Kg7 64. Nxh5+ Kf7
65. Re5 Kg6 66. Nf4+ Kf6 67. Re6+ Kf7 68. Ke2 {Die Stellung ist
selbstverständlich remislich. Da aber wir beide nur ein paar Minuten bis zum
Rest der Partie hatten (Schnellschach), wollte ich noch einige Gewinnversuche
unternehmen und hatte dabei unerwartet Glück.} Bc3 69. Ra6 Be5 70. Kf3 Bxf4 $2
{Ein Zug, den man nur schwer erklären kann.} (70... Bb8 71. Ne2 Be5 72. Nf4 Bb8
73. Ng2 Be5 74. Nh4 Bxg3 75. Kxg3 Rxe3+ {hielt problemlos remis.}) 71. Kxf4 Rb5
72. Rh6 Rb3 $2 ({Mit wenig Zeit ist es schwer, die einzige Verteidigung zu
finden:} 72... Rd5 $1 {(Milov)} 73. Rh5 Ke6 74. Rh6+ (74. Rg5 Rd1 75. Rg6+ Kf7
76. Kxf5 Rf1+ 77. Kg5 Rf3 $11) 74... Kf7 75. Rb6 Ra5 76. Rh6 (76. Kg5 Re5 $11)
76... Rd5 $11) 73. Rh5 $18 Ke6 74. Rxf5 Rxe3 75. g4 Rh3 76. Kg5 Rh8 77. Rf6+
Ke7 78. Kf5 Ra8 79. g5 Rg8 80. g6 Rg7 81. Kg5 Rg8 82. Rf7+ Ke6 83. Ra7 1-0

[Event "Julian Borowski-A 2nd"]
[Site "Essen"]
[Date "2000.05.06"]
[Round "9"]
[White "Beliavsky, Alexander G"]
[Black "Dautov, Rustem"]
[Result "0-1"]
[WhiteElo "2640"]
[BlackElo "2602"]
[Annotator "Dautov,R"]
[PlyCount "120"]
[EventDate "2000.04.27"]
[EventType "tourn"]
[EventRounds "9"]
[EventCountry "GER"]
[EventCategory "15"]
[SourceTitle "CBM 077"]
[Source "ChessBase"]
[SourceDate "2000.07.27"]
[SourceVersion "1"]
[SourceVersionDate "2000.07.27"]
[SourceQuality "1"]

1. d4 d5 2. c4 c6 3. Nf3 Nf6 4. Nc3 a6 5. a4 e6 6. Bg5 Nbd7 7. e3 Qa5 8. Nd2
Bb4 9. Qc2 c5 (9... O-O 10. Be2 dxc4 11. Bxf6 Nxf6 12. Nxc4 Qc7 13. O-O a5 14.
Ne4 Nd5 15. Ng5 g6 16. Qe4 f6 17. Nf3 Bd7 18. Rfc1 $14 {Beliavsky,A-Hertneck,G/
Pula 2000}) 10. Bh4 $5 $146 {Ein neuer und sehr interessanter Versuch. Weiß
möchte den Abtausch seines schwarzfeldrigen Läufers verhindern und ist sogar
bereit, für die schnelle Entwicklung einen Bauern zu opfern. Bisher konnte
Schwarz die Stellung mühelos ausgleichen.} (10. Nb3 Qc7 11. Bxf6 (11. dxc5 O-O
$11) 11... Nxf6 12. dxc5 Bd7 13. cxd5 Nxd5 14. Bd3 Nxc3 15. bxc3 Bxc5 16. Nxc5
Qxc5 17. O-O Bc6 $11 {Gonzalez Velez,F-Magem Badals,J/Torrevieja 1997}) (10.
Be2 cxd4 11. exd4 dxc4 12. Bxf6 Nxf6 13. Nxc4 Qc7 14. Qb3 Bd6 15. a5 (15. Bf3
$11) 15... O-O 16. Qb6 $6 Rd8 $1 $36 17. Bf3 Rb8 18. O-O-O Nd5 19. Qxc7 Bxc7
$15 {Beliavsky,A-Piket,J/Madrid 1997}) 10... O-O 11. Be2 cxd4 {Schwarz nimmt
die Herausforderung des Gegners an und gewinnt einen Bauern. Eine gute
Alternative stellte 10...Qb6 dar.} (11... Qb6 $5 12. dxc5 Qxc5 13. O-O b6 $132)
12. exd4 dxc4 13. Nxc4 (13. O-O Qb6 (13... Bxc3 $2 14. Nxc4 $16) 14. Nxc4 $1 (
14. Rfd1 $2 Qxd4 15. Nde4 Qe5 $15) (14. Nf3 $2 Qc6 $17) 14... Qxd4 15. Bg3 {
ist nur eine Zugumstellung.}) (13. Bxc4 $6 {Bereitet Schwarz keinerlei
Schwierigkeiten:} Qc7 (13... b5 14. Bd3 Bb7 15. O-O Qc7 16. axb5 axb5 17. Bxb5
Qf4 $36) 14. O-O b6 $11) 13... Qd5 14. O-O Qxd4 15. Bg3 {Eine kritische
Stellung. Weiß hat einen klaren Entwicklungsvorsprung, seine Figuren
koordinieren optimal. Schwarz dagegen hat Probleme mit der Entwicklung seines
Bc8, ein "Loch" auf b6, außerdem findet seine Dame keinen guten Platz.} Qa7 {
Ein prophylaktischer Zug. Es gab mehrere Alternativen.} (15... Bxc3 $6 {
schwächt zu sehr die schwarzen Felder} 16. bxc3 Qe4 17. Qa2 $1 Qc6 18. Bf3 Nd5
19. Ne3 Qxc3 (19... Qc5 $142 $14) 20. Bxd5 exd5 21. Nxd5 $16) (15... e5 $5 {
kam in Frage. Schwarz sicher das Feld c5 für seine Dame und bereitet eine
Entlastung mittels Nh5 vor.} 16. a5 $1 {stellt Schwarz vor die meisten
Probleme.} (16. Na2 Be7 17. Rfd1 Qc5 $11) (16. Rfd1 Qc5 17. a5 Bxc3 $1 (17...
Rb8 $2 18. Na4 Qc7 19. Nab6 $36) 18. bxc3 (18. Qxc3 Ne4 $11) 18... Nh5 $1 19.
Bxh5 Qxc4 20. Bf3 Qc7 $15)) (15... Nd5 {gibt den Bauern sofort zurück.} 16.
Rfd1 Qa7 17. Nxd5 (17. a5 $5 N7f6 18. Bf3 $44) 17... exd5 18. Rxd5 Nf6 19. Rdd1
Be6 20. Bh4 Nd5 21. Qe4 $14 {, und Weiß behält etwas Druck.}) 16. a5 $1 {
Diesen starken Zug habe ich unterschätzt. Weiß ergreift rechtzeitig die
Maßnahmen gegen die beiden schwarzen Entwicklungsideen, b6, Bb7 und Nb6,Bd7.} (
16. Rfd1 $6 Nb6 17. Nxb6 Qxb6 18. Be5 Nd7 $15) 16... b5 $5 {Wegen der knapper
werdenden Zeit entschloß ich mich, den Mehrbauern zurückzugeben und ein leicht
schlechteres Endspiel zu verteidigen.} ({Auf den ersten Blick fährt Schwarz mit
} 16... Bxc3 17. bxc3 b5 18. axb6 Nxb6 {sehr gut, aber es gibt 19.Bd6!} 19. Bd6
$1 (19. Na5 Bb7 20. c4 (20. Nxb7 Qxb7 21. Bf3 Nfd5 22. c4 $2 Rac8) 20... Be4
21. Qc3 Nbd7 22. Rfd1 $44) 19... Nxc4 (19... Rd8 $2 20. Bc5 Nfd7 21. Nxb6 Nxb6
22. Rab1 Rb8 23. Qb3 $18) 20. Bxf8 Ne3 21. fxe3 Qxe3+ 22. Kh1 Kxf8 23. Qb2 (23.
Bf3 Rb8 24. Rab1 Rxb1 25. Qxb1 Qc5 $11) 23... Qc5 24. Ra4 $1 Nd5 (24... Ra7 $4
25. Rc4) 25. Rc4 Qd6 26. Bf3 Rb8 27. Qd2 $14) (16... Nd5 $5 17. Rfd1 N7f6 18.
Bf3 $44 {/\} Be7 19. Bxd5 Nxd5 20. Nxd5 exd5 21. Nb6 Bg4 22. Rxd5 Rad8 23. Rxd8
Rxd8 24. Bc7 $16 {ףa7}) 17. axb6 Nxb6 18. Nb5 Qb7 19. Nc7 Ra7 20. Na5 Bxa5 21.
Rxa5 Nbd5 22. Rxa6 (22. Nxa6 $2 Nb4 $17) (22. Bxa6 $2 Qb6 $17) 22... Nxc7 (
22... Nb4 $5 23. Rxa7 Nxc2 24. Rxb7 Bxb7 $14) 23. Rxa7 Qxa7 24. Qxc7 (24. Bxc7
Bb7 25. Be5 Rc8 $132) 24... Qxc7 25. Bxc7 Nd5 {Hier endete das forcierte Spiel.
Das Läuferpaar und der entfernte Freibauer sprechen für einen leichten weißen
Vorteil. Dennoch dürfte die schwarze Stellung haltbar sein.} 26. Bd6 (26. Bg3
Bb7 27. Ra1 (27. Rc1 Ra8) 27... Rc8 $132) 26... Rd8 27. Bc5 Bd7 $6 $138 (27...
Bb7 $142 28. Ra1 (28. Bf3 Ra8) 28... Nf4 29. Bf1 Nd3 30. Rd1 Ba6 $132) 28. Ra1
f6 $2 (28... Nf4 $5) 29. Ra7 $2 {Ein Fehler, der die schwarze Verteidigung
enorm erleichtert.} ({Viel unangenehmer wäre für Schwarz} 29. b4 $1 Rb8 30. Ra7
Bb5 (30... Be8 31. Bc4 (31. Bd6 Rb6 32. Ra6 $14) 31... Nxb4 $4 32. Bxe6+ Kh8
33. Bf8 $18) 31. Bg4 f5 32. Bf3 g5 $16) 29... Nf4 $1 30. Bf1 Bb5 $1 $11 31. Ra1
Bxf1 32. Kxf1 Rd5 $2 (32... Rd3 $1 33. b4 Rb3 $11) 33. Be3 (33. b4 Nd3 34. Ra8+
Kf7 35. Ra7+ Kg8 36. Ra5 g5 $11) 33... Nd3 34. b3 Rb5 35. Rb1 e5 36. Ke2 Nb4
37. Bd2 $2 {In meiner Zeitnot agiert Beliavsky nicht sehr überzeugend, ihm
unterlaufen mehrere kleine Fehler.} (37. Kd2 $142 Rb8 38. Kc3 Nd5+ 39. Kc4
Nxe3+ 40. fxe3 Rc8+ $14) 37... Kf7 38. Rc1 $6 (38. Bxb4 Rxb4 39. Kd2 Ke6 40.
Kc3 Rg4 41. g3 Re4 $11) 38... Nd5 39. Rb1 e4 40. b4 f5 41. Kd1 (41. Ra1 $6 Nxb4
42. Ra7+ (42. Rb1 $2 Nc6) 42... Kg6 43. Bc3 Nd5 $15) (41. g3 Ke6 42. h4 Ke5 43.
Ra1 $11) 41... Ke6 42. Kc2 f4 43. Kb3 Rb7 44. Rc1 $2 ({Es war noch nicht zu
spät, Remis zu halten.} 44. Kc4 Ke5 (44... Rc7+ 45. Kd4 Rc2 46. Be1) 45. Bc3+
Nxc3 46. Kxc3 $11) 44... e3 45. fxe3 fxe3 46. Re1 (46. Be1 Kf5 47. Rc4 h5 $15)
46... Kf5 47. Bxe3 Rxb4+ 48. Kc2 Rg4 $1 {Nun übernimmt Schwarz das Ruder.
Natürlich bleibt die Stellung remislich, dennoch ist es diesmal Weiß, der
aufpassen muß.} 49. g3 Ke4 $1 $15 {Der schwarze König strebt nach h3.} 50. Bd2+
Kf3 51. Re5 Nf6 52. Bc3 Ne4 53. Bd4 {/\Re7} g6 54. Kd3 Nf2+ (54... Nd6 $5 55.
h3 Re4 (55... Rxg3 $2 56. Re3+ Kg2 57. Rxg3+ Kxg3 58. Be5+ $11) 56. Ra5 Nf5 57.
Be5 $15) 55. Kc4 Ne4 56. Kd3 Ng5 57. Be3 Re4 58. Rxg5 $4 {Ein unglaublicher
Fehler, wenn man bedenkt, daß Beliavsky nicht mal in Zeitnot war.} (58. Bf4 $1
Rxe5 59. Bxe5 Nh3 60. Kd4 Nf2 61. Bc7 Ng4 62. h3 Nf2 63. Ke5 Nxh3 (63... Kxg3
64. Kf6+ Kxh3 65. Kg7 $11) 64. Kf6 g5 65. Kf5 g4 66. Kf6 {hätte problemlos
Remis gehalten.}) 58... Rxe3+ $19 59. Kd4 Re2 60. h4 (60. h3 Rh2 61. h4 Rh3 $19
) 60... Re4+ (60... Re4+ 61. Kd3 Rg4 $19) 0-1